书目信息 |
| 题名: |
运筹学
|
|
| 作者: | 牛映武 主编 | |
| 分册: | ||
| 出版信息: | 西安 西安交通大学出版社 1994.08 |
|
| 页数: | 458页 | |
| 开本: | 16开 | |
| 丛书名: | ||
| 单 册: | ||
| 中图分类: | O22 | |
| 科图分类: | ||
| 主题词: | 运筹学 | |
| 电子资源: | ||
| ISBN: | 7-5605-0656-9 | |
| 000 | 00522nam0 2200193 45 | |
| 001 | 0008051702 | |
| 005 | 20000805173112.0 | |
| 010 | @a7-5605-0656-9@d16.50元 | |
| 100 | @a20000805d1994 km y0chiy0120 ea | |
| 101 | 0 | @achi |
| 105 | @a z 000yy | |
| 200 | 1 | @a运筹学@AYun Chou Xue@f牛映武主编@FNiu Ying Wu Zhu Bian |
| 210 | @a西安@c西安交通大学出版社@d1994.08 | |
| 215 | @a458页@d16开 | |
| 606 | 0 | @a运筹学 |
| 690 | @aO22@v3 | |
| 701 | 0 | @a牛映武@4主编 |
| 801 | @aCN@bPftUser@c20000805 | |
| 905 | @b89919-923@dO22@eN877@f5 | |
| 运筹学/牛映武主编.-西安:西安交通大学出版社,1994.08 |
| 458页;16开 |
| ISBN 7-5605-0656-9:16.50元 |
| ● |
| 相关链接 |
|
|
|
正题名:运筹学
索取号:O22/N877
 
预约/预借
| 序号 | 登录号 | 条形码 | 馆藏地/架位号 | 状态 | 备注 |
| 1 | 89919 | 200899199 | 自科二线504/504自科库 50排3列2层/ [索取号:O22/N877] | 在馆 | |
| 2 | 89920 | 200899206 | 数理学院资料室/ [索取号:O22/N877] | 在馆 | |
| 3 | 89921 | 200899215 | 自科二线504/504自科库 50排3列2层/ [索取号:O22/N877] | 在馆 | |
| 4 | 89922 | 200899224 | 数理学院资料室/ [索取号:O22/N877] | 在馆 | |
| 5 | 89923 | 200899233 | 自科二线504/504自科库 50排3列2层/ [索取号:O22/N877] | 在馆 |